Estatísticas para Líderes do Brasil

Clique aqui para jogar o quiz

Estatísticas Gerais

  • Esse quiz foi jogado 6 739 vezes
    (6 733 desde o último reset)
  • A pontuação média é 19 de 38

Estatísticas das Respostas

PeríodoGovernoLíder% Correto
Nova República2003 - 2010Luiz Inácio Lula da Silva
98%
Nova República2011 - 2016Dilma Rousseff
97%
Nova República2019 -Jair Bolsonaro
96%
Segunda República / Estado Novo / República Populista1930 - 1945 / 1951 - 1954Getúlio Vargas
91%
Nova República2016 - 2018Michel Temer
91%
Imperial1822 - 1831Dom Pedro I
90%
Imperial1840 - 1889Dom Pedro II
90%
Nova República1990 - 1992Fernando Collor
88%
Nova República1995 - 2002Fernando Henrique Cardoso
85%
República Populista1956 - 1961Juscelino Kubitschek
74%
República Populista1961 - 1964João Goulart
72%
Ditadura Militar1979 - 1985João Figueiredo
71%
República Velha1889 - 1891Deodoro da Fonseca
70%
República Populista1961Jânio Quadros
62%
Nova República1985 - 1990José Sarney
62%
Ditadura Militar1964 - 1967Humberto Castelo Branco
57%
Nova República1992 - 1994Itamar Franco
56%
República Velha1891 - 1894Floriano Peixoto
52%
Ditadura Militar1967 - 1969Artur da Costa e Silva
51%
Ditadura Militar1969 - 1974Emílio Garrastazu Médici
50%
Ditadura Militar1974 - 1979Ernesto Geisel
44%
República Populista1946 - 1951Eurico Gaspar Dutra
39%
República Velha1926 - 1930Washington Luís
39%
República Populista1954 - 1955Café Filho
35%
República Velha1910 - 1914Hermes da Fonseca
28%
República Velha1894 - 1898Prudente de Morais
27%
Estado Novo1945 - 1946José Linhares
26%
República Velha1909 - 1910Nilo Peçanha
22%
República Velha1906 - 1909Afonso Pena
21%
República Velha1898 - 1902Campos Sales
21%
República Velha1922 - 1926Artur Bernardes
20%
República Velha1914 - 1918Venceslau Brás
20%
República Populista1955Carlos Luz
19%
República Velha1919 - 1922Epitácio Pessoa
19%
República Velha1902 - 1906Rodrigues Alves
18%
República Populista / Ditadura Militar1961 / 1964Ranieri Mazzilli
16%
República Velha1918 - 1919Delfim Moreira
13%
República Populista1956 - 1956Nereu Ramos
13%

Distribuição das Pontuações

Percentil de Números Respondidos

Porcentagem de Pessoas com Cada Pontuação

Sua Pontuação Histórica

Você não jogou esse quiz desde o último reset